Palaces of Nepal by Picture #2 - Statistics

General Stats
  • This quiz has been taken 15 times
  • The average score is 4 of 12
Answer Stats
Picture Answer % Correct
Basantapur Durbar Square
90%
Bhaktapur Durbar Square
80%
Lo Manthang Durbar
40%
Tallo Durbar
40%
Lal Durbar
30%
Achham Durbar
20%
Agni Bhawan
20%
Bimkot Durbar
20%
Jajarkot Durbar
20%
Jaulakhel Durbar
20%
Surendra Bhawan
20%
Tangal Durbar
20%
No matching quizzes found
Score Distribution
Percent of People with Each Score
Percentile by Number Answered
Your Score History
You have not taken this quiz